000 00542nam a2200181Ia 4500
999 _c29019
_d29019
003 OSt
005 20201127115318.0
008 190216s9999||||xx |||||||||||||| ||und||
020 _a9788182640498
040 _coclc
082 _a894.8124
_bKAR/V
100 _aKarassery, M N
_91986
245 0 _aVargeeyathakkethire Oru Pusthakam /
_cM N Karassery
260 _bMathrubhumi Printing And Publishing,
_aKozhikode:
_c2007.
300 _a96p
650 _aLekhanam
942 _cBK
_2ddc
_h894.8124
_iKAR/V
_k894.8124
_mKAR/V